000 00852cam a22002651 4500
001 ca 09000057
003 DLC
005 20260227111048.0
008 920519r19021902nyuf 000 0 eng
010 _aca 09000057
035 _a(OCoLC)25840926
040 _aDLC
_cCSt
_dCSt
_dDLC
042 _apremarc
050 0 0 _aQK1
_b.N515 no. 24
100 1 _aWhite, Violetta S.
245 0 4 _aThe Nidulariaceae of North America,
_cby V.S. White.
260 _aNew York,
_c1902.
300 _a251-280 p.
_b14-18 pl.
_c24 cm.
490 1 _aContributions from the New York Botanical Garden.
_vno. 24
500 _aCover-title.
500 _aReprinted from the Bulletin of the Torrey Botanical Club, 29. May 26, 1902.
650 0 _aNidulariaceae.
650 0 _aFungi
_zNorth America.
830 0 _aContributions from the New York Botanical Garden.
_vv. 24.
999 _c13862
_d13862